000 00399nam a22001692 4500
001 0000008739
005 20151217161725.0
008 080522s xx 000 0 eng d
020 _cKES
040 _aKABU
_cKABU
245 1 0 _aGlobus 2001.
300 _c cm.
650 0 _aGlobes.
_@0000132268
908 _a080522
950 _@1
999 _c15523
_d15523